00333 a2200121 450000100060000010000140000624500350002026000140005509000170006994200220008699900190010895200840012720109 aKhan S A aEssays on the life of Muhammad abP B Sc c14703d14703 aNUST-CAEcMc5229 c255182d255182 001040708NFICaCAEbCAEd2017-04-03l0pCAE12567r2017-04-05w2017-04-05yBK